000 00923nam a22002417a 4500
999 _c177638
_d177638
005 20210407153147.0
010 _aB-739237-239 B-739717
020 _a9789390189205
_c499.00
035 _aB-739237-239
035 _aB-739717
037 _bScholastic
037 _bGift
082 _aN
100 _aMartin, Ann M.
245 _aThe baby-sitters club:
_bmary anne saves the day part-3 /
_cby Ann M. Martin [and] Raina Telgemeier
260 _aNew York
_bScholastic
_c2020
270 _a557 Broadway
_bNew York
_eNY 10012
300 _a154p.:
_c21cm(pbk)
_bill.
700 _aTelgemeier, Raina
942 _2ddc
_cCH
_hN
_mMAR